000 00458ntaaa2200169 4500
003 01
005 20251027203007.0
008 0714s1973 ag 01
040 _aAR-BaBN
_bspa
_cAR-BaBN
_eaacr
_dRIC
100 _aHerrera, Antonio
_930976
245 _aUn domingo del viejo Samuel /
_cAntonio Herrera
260 _aMadrid :
_bIrmayol,
_cc1973
300 _a137 p.
500 _aBAJA PATRIMONIAL POR OBSOLESCENCIA 20180814
650 _aFicción
942 _cBK
999 _c25370
_d25370